[Event "ProMoPro2004"]
[Site "?"]
[Date "2004.09.18"]
[Round "8.29"]
[White "Ryslink, Daniel"]
[Black "Novotny, Vladimir"]
[Result "1-0"]
[WhiteElo "1764"]
[BlackElo "1906"]
[PlyCount "109"]
[EventDate "2004.??.??"]

1. e4 c5 2. Nf3 d6 3. d4 cxd4 4. Nxd4 a6 5. c4 e6 6. Nc3 g6 7. Be3 Bg7 8. Be2
Bd7 9. O-O Ne7 10. Qd2 Nbc6 11. Rfd1 Rc8 12. b3 O-O 13. Nxc6 Rxc6 14. Bh6 Qa5
15. Bxg7 Kxg7 16. a3 b5 17. b4 Qc7 18. c5 d5 19. exd5 exd5 20. Nxd5 Nxd5 21.
Qxd5 Bf5 22. Rd2 Re8 23. Rad1 Rce6 24. Bf1 R8e7 25. Qd4+ f6 26. Qc3 Bg4 27. f3
Re3 28. Rd3 Rxd3 29. Rxd3 Bf5 30. Rd6 Re5 31. Rxa6 Bc8 32. Rd6 Qe7 33. Kf2 g5
34. Bxb5 g4 35. f4 Rh5 36. Kg1 Rf5 37. Qd2 Rh5 38. Bd7 Bb7 39. Bxg4 Rd5 40.
Rxd5 Bxd5 41. h3 Qb7 42. a4 Qc6 43. Qd4 Kf7 44. b5 Qa8 45. c6 Bxc6 46. bxc6
Qxc6 47. Qd7+ Qxd7 48. Bxd7 Ke7 49. Bb5 Kd6 50. Kf2 Kc5 51. Ke3 Kd5 52. a5 Kc5
53. Bd3 h6 54. Ke4 Kd6 55. Kf5 1-0

[Event "ProMoPro2004"]
[Site "Praha"]
[Date "2004.09.18"]
[Round "8.16"]
[White "Novak, Vaclav"]
[Black "Listopad, Martin"]
[Result "1-0"]
[WhiteElo "2109"]
[BlackElo "1882"]
[PlyCount "97"]
[EventDate "2004.09.11"]

1. e4 c5 2. Nf3 d6 3. d3 Nc6 4. Nc3 Nf6 5. g3 g6 6. Bg2 Bg7 7. O-O O-O 8. h3
Be6 9. Ng5 Bd7 10. f4 h6 11. Nf3 Nh5 12. Kh2 f5 13. Be3 e6 14. Qd2 b6 15. exf5
gxf5 16. d4 Rc8 17. Rad1 cxd4 18. Nxd4 d5 19. Qf2 Nf6 20. Nxc6 Bxc6 21. Bd4 Kh7
22. Rfe1 Re8 23. Be5 Qd7 24. Rd2 Qf7 25. Bf3 Bb7 26. Nb5 Qg6 27. Nd6 Ba6 28.
Nxe8 Rxe8 29. b3 Bf8 30. Bxf6 Qxf6 31. Qd4 Qg6 32. b4 Bc4 33. Be2 Bxb4 34. Bxc4
Bxd2 35. Rd1 Bb4 36. Bd3 Bc5 37. Qe5 Rg8 38. g4 h5 39. g5 h4 40. Re1 Bf2 41.
Re2 Bg3+ 42. Kg2 Qg7 43. Qxe6 Kh8 44. Re5 Bxf4 45. Rxf5 Rf8 46. Rxf8+ Qxf8 47.
Qd7 Qg8 48. g6 d4 49. Qxd4+ 1-0